zpět

Detail výsledku týmu

Barcelounoc - Vinohrady, Praha

Datum a čas kvízu

13 Celkem bodů Celkový počet nahraných bodů na tomto kvízu bez doplňovacích otázek.
7. Pořadí na kvízu Konečné umístění týmu na tomto kvízu.

Zaznamenané odpovědi

# Otázka Odpověď Body Výsledky
1. Za nejapné vtipkování na adres... 0
2. Trosky první čínské vesmírné s... 0
3. Do našich kin přichází filmový... 0
4. Sada smajlíků Emoji bude opět... 1
5. Po 18 letech se budou muset fa... 1
6. Oslí můstek je výraz, který se... 0
7. Blízkým a poněkud ušlechtilejš... 0
8. Koňská síla (značka HP) je sta... 0
9. Nejen koně či automobily mají... 1
10. Abyste mohli ukázat svou sílu,... 0